|
|
|
|
| LEADER |
00796nam a2200205 a 4500 |
| 001 |
008503716 |
| 008 |
110411s1997 ii 000 0 eng d |
| 020 |
|
|
|a 8171413463
|
| 040 |
|
|
|a Uk
|c Uk
|d BD-DhAAL
|
| 082 |
0 |
4 |
|a 658.1/52
|
| 100 |
1 |
|
|a Saha, Malayendu.
|
| 245 |
1 |
0 |
|a Human resource accounting :
|b with special reference to charitable institutions /
|c Malayendu Saha.
|
| 260 |
|
|
|a New Delhi :
|b Discovery,
|c c1997.
|
| 300 |
|
|
|a xii, 177 p. ;
|c 23 cm.
|
| 504 |
|
|
|a Includes bibliographical references.
|
| 541 |
1 |
|
|e 00011865
|
| 650 |
0 |
|
|a Human capital
|x Accounting
|
| 852 |
4 |
|
|a Ayesha Abed library
|j General Shelf
|
| 999 |
|
|
|c 10687
|d 10687
|
| 952 |
|
|
|0 0
|1 0
|2 ddc
|4 0
|6 658_152000000000000_SAH
|7 0
|9 16064
|a BRACUL
|b BRACUL
|c GEN
|d 2011-04-12
|g 357.00
|l 0
|o 658.152 SAH
|p 3010011865
|r 2011-04-12
|t 1
|w 2011-04-12
|y BK
|x RS-300.00
|